000 01458nam a22002777a 4500
005 20110705111144.0
020 _a8182633990
_c20.00
020 _a978818263995
_c20.00
035 _aB-432199-203
037 _aDPL
_bBlue Berry
082 _aS
100 _aSharma, Bulbul
_929757
245 _aColours of Nature/
_cby Bulbul Sharma;
250 _a3rd
260 _aNew Delhi
_bPratham Books
_c2010
270 _a633-634, 4th "C" Main, 6th 'B' Cross, OMBR Layout, Banaswadi
_bBangalore
_e560043
_k011-65684113
300 _a17p.
_bill.
_c17 cm.(pbk)
700 _929160
942 _2ddc
_cCH
_hS
_mSHA
999 _c53620
_d53620